1586 1183 1757 1954 1508 1642 1257 1818 1124 1623 1623 1087 1863 1668 1522 1836 1983 1622 1985 1219 1614 1372 1957 1024 1656 1493 1338 1659 1025 1275 1720 1656 1129 1442 1854 1608 1522 1338 1169 1558 1009 1103 1632 1548 1089 1206 1934 1511 1139 1178 1614 1460 1766 1614 1160 1761 1223 1517 1627 1513 1889 1525 1581 1887 1989 1713 1851 1737 1971 1552 1522 1300 1177 1601 1883 1520 1834 1594 1080 1135 1545 1671 1021 1011 1759 1121 1876 1026 1239 1857 1743 1894 1422 1993 1969 1572 1977 1910 1652 BCNSPRNW ULIB Ver.6.0+V

เปลี่ยนเป็นภาษาไทย

Change to English
 แสดงรายละเอียดบรรณานุกรม
  กลับหน้าหลัก

Brief Record : Get Marc (ISO 2709) : E-mail record : QR code < ปิดหน้าต่าง
LEADER : 00000nam a2200000Ia 4500
001    13399125460
003     ULIB
008    160929s2559 th a b 000 0 tha d
020    ^a9786164066366
040    ^absi
060 04 ^aWM141^bณ214ศ
100 0  ^aณรงค์ สุภัทรพันธุ์
245 10 ^aศาสตร์และศิลป์ของการสัมภาษณ์ทางจิตเวช /^cณรงค์ สุภัทรพันธุ์
250    ^aพิมพ์ครั้งที่ 2
260    ^aกรุงเทพฯ :^bภาควิชาจิตเวชศาสตร์ คณะแพทยศาสตร์โรงพยาบาลรามาธิบดีมหาวิทยาลัยมหิดล,^c2559
300    ^a239 หน้า :^bภาพประกอบ ;^c21 ซม.
650  2 ^aInterview, Psychological
650  2 ^aScience
650  4 ^aศาสตร์และศิลป์
650  4 ^aจิตเวชศาสตร์
653    ^aการสัมภาษณ์ทางจิต
710 2  ^aมหาวิทยาลัยมหิดล.^bคณะแพทยศาสตร์โรงพยาบาลรามาธิบดี.^bภาควิชาจิตเวชศาสตร์
945    ^p300^l0^i25106
945    ^p300^l0^i25107
945    ^p300^l0^i25108
945    ^p300^l0^i25109
995    ^aัณชพร
999    ^aกัณชพร
รายการนี้ยังไม่มีแท็ก
คุณยังไม่ได้ล็อกอิน คุณสามารถมีกิจกรรมร่วมกับเว็บไซต์ได้ แต่ต้องล็อกอินก่อน ::
  ล็อกอิน

รายการสื่อสารสนเทศ

ลำดับที่ ประเภท เลขเรียก/บาร์โค้ด สถานที่ สถานะ
1. หนังสือสำรอง
หนังสือสำรอง
WM141 ณ214ศ ฉ.1 
  Barcode: 25106
ห้องสมุดวิทยาเขตนครสวรรค์
►หนังสือทั่วไป:l:General Books
บนชั้น
2. วิทยาศาสตร์การแพทย์ และสุขภาพ
วิทยาศาสตร์การแพทย์ และสุขภาพ
WM141 ณ214ศ ฉ.2 
  Barcode: 25107
ห้องสมุดวิทยาเขตนครสวรรค์
►หนังสือทั่วไป:l:General Books
บนชั้น
3. วิทยาศาสตร์การแพทย์ และสุขภาพ
วิทยาศาสตร์การแพทย์ และสุขภาพ
WM141 ณ214ศ ฉ.3 
  Barcode: 25108
ห้องสมุดวิทยาเขตนครสวรรค์
►หนังสือทั่วไป:l:General Books
บนชั้น
4. วิทยาศาสตร์การแพทย์ และสุขภาพ
วิทยาศาสตร์การแพทย์ และสุขภาพ
WM141 ณ214ศ ฉ.4 
  Barcode: 25109
ห้องสมุดวิทยาเขตนครสวรรค์
►หนังสือทั่วไป:l:General Books
บนชั้น

รายการใกล้เคียง
    ผู้แต่ง [ณรงค์ สุภัทรพันธุ์]

    หัวเรื่อง [Interview, Psychological]
    หัวเรื่อง [Science]
    หัวเรื่อง [ศาสตร์และศิลป์]
    หัวเรื่อง [จิตเวชศาสตร์]

BibComment


ยังไม่เคยถูกคอมเมนท์

คอมเมนท์ทรัพยากรรายการนี้
  คอมเมนท์: ศาสตร์และศิลป์ขอ..


 Copyright 2026. Bcnsprnw @Library